Statistics for Capitals of Countries that Start with "B"

Click here to take the quiz!

General Stats

  • This quiz has been taken 13 times
  • The average score is 15 of 17

Answer Stats

CountryCapital% Correct
BrazilBrasília
100%
BelgiumBrussels
100%
BelarusMinsk
100%
BelizeBelmopan
92%
BoliviaLa Paz / Sucre
92%
BahrainManama
92%
BahamasNassau
92%
Bosnia and HerzegovinaSarajevo
92%
BulgariaSofia
92%
BruneiBandar Seri Begawan
83%
BangladeshDhaka
83%
BotswanaGaborone
83%
BhutanThimphu
83%
BarbadosBridgetown
75%
Burkina FasoOuagadougou
75%
BurundiGitega
67%
BeninPorto Novo / Cotonou
67%

Score Distribution

Percentile by Number Answered

Percent of People with Each Score

Your Score History

You have not taken this quiz